GCSE History-Medicine 1500-1700 - Statistics

General Stats
  • This quiz has been taken 190 times
  • The average score is 6 of 31
Answer Stats
Hint Answer % Correct
Vesalius discovered that the human lower jaw bone was in how many pieces? 1
91%
Vesalius discovered that the human breast bone was in three parts, not... Seven
61%
What organisation allowed for scientists to share ideas? Royal Society
59%
What year was The Great Plague of London? 1665
47%
Which famous doctor treated the disease, not the symptoms? Thomas Sydenham
36%
In what year was it invented? 1440
32%
What were doctors who wore large cloaks and long beaks called? Plague doctors
29%
Vesalius discovered that the Vena Cava did not lead to the what? Liver
26%
Who now regularly visited patients in hospitals? Physician
26%
Most realised that there was no cure. Instead they tried to prevent it. How did they do this? Quarantine for 28 days
24%
Because of this, Martin Luther's "95 thesis" was being spread rapidly. Whose power was subsequently diminishing? The Catholic Church
22%
Who invented the printing press? Johannes Gutenberg
19%
New hospitals opened up to treat specific diseases. What were they called? Pest houses
15%
What was Harvey's discovery? Circulatory system
14%
What were put on doors so signify that an infected family were being quarantined in a house? Red Crosses
14%
This doctor also identified that measles and what were different? Scarlet Fever
11%
What eventually killed off the plague? The winter
10%
What new technology inspired Harvey's ideas? Water pump
10%
What was the name of said organisations main text? "Philosophical transactions"
9%
He also published "Observations Medicae." How long would this be the main medical textbook? Two centuries
8%
What were apothecary's now organised into? Guilds
7%
Substances such as salts, metals and minerals were being used as treatment. What was this called? Iatrochemistry
7%
In September 1665, mass ... scared all the rats away, for them to only come back 3 days later? Fumigation
6%
Children were given alcohol and what as a cure? Opium
5%
What was a known cure to Malaria at the time? Peruvian Bark
5%
The rich were given what as a treatment? Unicorn horn
4%
In what year did they first record these observations? 1683
3%
Who first observed "animalcules"? Antony Von Leeuwenhoek
3%
What was a popular remedy that claimed to stop you from catching the plague? Plague water
3%
In 1665 who published "Micrographia" showing detailed images of a flea? Robert Hooke
3%
What were the people who kept others away from infected houses called? Watchmen
3%
No matching quizzes found
Score Distribution
Percent of People with Each Score
Percentile by Number Answered
Your Score History
You have not taken this quiz